तोल/ (Record no. 344151)

MARC details
000 -LEADER
fixed length control field 01093nam a2200373 a 4500
001 - CONTROL NUMBER
control field vtls000387988
003 - CONTROL NUMBER IDENTIFIER
control field NLI
005 - DATE AND TIME OF LATEST TRANSACTION
control field 20210602184346.0
008 - FIXED-LENGTH DATA ELEMENTS--GENERAL INFORMATION
fixed length control field 110114s2004 ii 000 1 hin
020 ## - INTERNATIONAL STANDARD BOOK NUMBER
International Standard Book Number 8170650690(hbk)
Terms of availability Rs.75.00
039 #9 - LEVEL OF BIBLIOGRAPHIC CONTROL AND CODING DETAIL [OBSOLETE]
-- 201101140045
-- VLOAD
040 ## - CATALOGING SOURCE
Original cataloging agency NLI :
Language of cataloging eng
Transcribing agency NLMARC21
041 0# - LANGUAGE CODE
Language code of text/sound track or separate title hin
044 ## - COUNTRY OF PUBLISHING/PRODUCING ENTITY CODE
MARC country code ii
082 04 - DEWEY DECIMAL CLASSIFICATION NUMBER
Classification number 891.433
Edition number 22
100 1# - MAIN ENTRY--PERSONAL NAME
Linkage 880-01
Personal name कलकत्ते, जी.पी.
9 (RLIN) 719
245 10 - TITLE STATEMENT
Linkage 880-02
Title तोल/
Statement of responsibility, etc. जी.पी. कलकत्ते
260 ## - PUBLICATION, DISTRIBUTION, ETC.
Place of publication, distribution, etc. नई दिल्ली :
Name of publisher, distributor, etc. आशा प्रकाशन,
Date of publication, distribution, etc. 2004
300 ## - PHYSICAL DESCRIPTION
Extent 117 p.;
Dimensions 18 cm.
650 #0 - SUBJECT ADDED ENTRY--TOPICAL TERM
Topical term or geographic name entry element Hindi fiction
9 (RLIN) 89772
700 1# - ADDED ENTRY--PERSONAL NAME
Linkage 880-03
700 1# - ADDED ENTRY--PERSONAL NAME
Linkage 880-04
880 1# - ALTERNATE GRAPHIC REPRESENTATION
Linkage 100-01/(B
a Kalkatte, G.P.
880 10 - ALTERNATE GRAPHIC REPRESENTATION
Linkage 245-02 /(B
a Tol
c G.P. Kalkatte
880 1# - ALTERNATE GRAPHIC REPRESENTATION
Linkage 700-03 /(B
880 1# - ALTERNATE GRAPHIC REPRESENTATION
Linkage 700-04 /(B
887 ## - NON-MARC INFORMATION FIELD
Content of non-MARC field S.G.Ahmad
901 ## - LOCAL DATA ELEMENT A, LDA (RLIN)
a 81063
b 23.03.2005
902 ## - LOCAL DATA ELEMENT B, LDB (RLIN)
a H 891.433 K 211
904 ## - LOCAL DATA ELEMENT D, LDD (RLIN)
a S.G.Ahmad
942 ## - ADDED ENTRY ELEMENTS (KOHA)
Source of classification or shelving scheme Dewey Decimal Classification
Koha item type Books
949 ## - LOCAL PROCESSING INFORMATION (OCLC)
-- VIRTUAITEM
-- 10001
-- 100
6 DBA000081063HIN
a H 891.433 K 211
Holdings
Withdrawn status Lost status Damaged status Not for loan Collection code Home library Current library Shelving location Date acquired Total Checkouts Full call number Barcode Date last seen Price effective from Koha item type
        Hindi National Library of India National Library of India Hindi - Book - Main Stack Division     H 891.433 K 211 DBA000081063HIN 02/06/2021 02/06/2021 Books
                                                                           
web counter

Copyright ©2020 The National Library of India, Govt. of India ↔ Hosted by NVLI, MOC ↔ Technology and Design by National Library of India, Ministry of Culture, Govt. of India